000 00945pam a2200265 a 4500
001 2978434
003 ARRUPE
005 20130918142105.0
008 920814s1993 pau b 001 0 eng
010 _a 92032677
020 _a1566390516 (alk. paper)
040 _aDLC
_cDLC
_dDLC
050 0 0 _aBL65.C8
_bA25 1993
082 0 0 _a291.1/7
_220
100 1 _aAdams, E. M.
_q(Elie Maynard),
_d1919-2003.
_9571
245 1 0 _aReligion and cultural freedom /
_cE.M. Adams.
260 _aPhiladelphia :
_bTemple University Press,
_c1993.
300 _axiii, 193 p. ;
_c24 cm.
504 _aIncludes bibliographical references (p. 179-185) and index.
650 0 _aReligion and culture.
_9572
650 0 _aReligion
_xPhilosophy.
_9573
906 _a7
_bcbc
_corignew
_d1
_eocip
_f19
_gy-gencatlg
942 _2lcc
_cMONOGRAPH
999 _c117880
_d117880